000 00421nab a2200145Ia 4500
003 ES-SlBCS
005 20210601124328.0
008 140529s1997 xxu||||| |||| 00| 0 eng d
041 _aeng
100 1 _aDewhurst, Devid
_9139845
245 0 0 _aEducation and Passion
_c Devid Dewhurst
650 0 4 _aEducación Afectiva
_9139829
773 0 _tEducational Theory
_gvol. 47, nº. 4, 1997, págs. 477-487
_wRev1399
942 _cAR
999 _c513022
_d513022